000 00557 a2200181 4500
003 OSt
005 20240129102349.0
008 240129b |||||||| |||| 00| 0 eng d
020 _a9789390681372
040 _coclc
082 _a954.83
_bSIV/W
100 _aSivadasan P.
_910328
245 _aWagon Tragedy:
_bKanalvazhiyile koottakkuruthi /
_cSivadasan P.
250 _a1st ed.
260 _aKottayam:
_bSahithya Pravarthaka Co-operative Society Ltd.,
_c2011.
300 _a120p.
942 _2ddc
_cBK
_h954.83
_iSIV/W
_k954.83
_mSIV/W
999 _c43339
_d43339